000 00771nam a2200289Ia 4500
005 20260324115235.0
008 008 260324s9999 xx 000 0 eng d
020 _a9780429487859
037 _aEBOOK
040 _aCRL
040 _beng
040 _cCRL
041 _2eng
041 _aeng
084 _qCRL
100 _aMonica Chavez-Gonzalez; Jose Juan Buenrostro-Figueroa; Cristobal N. Aguilar
_91153905
245 0 _aHandbook of Research on Food Science and Technology
245 0 _bVolume 1: Food Technology and Chemistry
260 _bTaylor and Francis
260 _c2019
365 _a
365 _b260
856 _uhttp://www.taylorfrancis.com/books/9780429487859
942 _cEBOOK
999 _c1744635
_d1744635